000 005280000a22001810004500
003 MACL
005 20160401122122.0
008 160401b xxu||||| |||| 00| 0 eng d
040 _aMACL
_cMACL
041 _aHindi
082 _a350
100 _aकपूर आशीष
_949543
245 _aराकेट का विकास
260 _bराष्‍ट्रभाषा प्रकाशन
_c2004
_aनई दिल्‍ली
350 _a200
650 _aEngineering
_949544
942 _cHIN
_k350
_2ddc
999 _c18605
_d18605